00252nam a2200085 a 450000500170000000800410001705000210005810000250007924500620010420140408090030.0021128s19uu xx 00 eng d aPGS '00bCOS #32 aCosina, Jaizalynn R. aA study on the problems and difficult of filipino seamen.